La polizia in Italia dal 1945 ad oggi
| Autor principal: | |
|---|---|
| Tipo de documento: | Print Libro |
| Lenguaje: | Italiano |
| Publicado: |
Bologna
Il Mulino
1976
|
| En: |
Universale paperbacks Il Mulino (48)
Año: 1976 |
| Disponibilidad en Tübingen: | Disponible en Tübingen. UB: KB 7 A 912 |
| Verificar disponibilidad: | HBZ Gateway |
| Servicio de pedido Subito: | Pedir ahora. |
| Palabras clave: |
MARC
| LEADER | 00000cam a2200000 c 4500 | ||
|---|---|---|---|
| 001 | 1094634514 | ||
| 003 | DE-627 | ||
| 005 | 20251224220600.0 | ||
| 007 | tu | ||
| 008 | 910627s1976 it ||||| 00| ||ita c | ||
| 020 | |c : L4000 | ||
| 035 | |a (DE-627)1094634514 | ||
| 035 | |a (DE-576)024634514 | ||
| 035 | |a (DE-599)BSZ024634514 | ||
| 035 | |a (OCoLC)2893715 | ||
| 035 | |a (OCoLC)930544991 | ||
| 035 | |a (OCoLC)02893715 | ||
| 035 | |a (DE-604)8032708440 | ||
| 040 | |a DE-627 |b ger |c DE-627 |e rakwb | ||
| 041 | |a ita | ||
| 044 | |c XA-IT | ||
| 050 | 0 | |a HV8212 | |
| 082 | 0 | |a 363.2/0945 | |
| 084 | |a MS 6850 |2 rvk |0 (DE-625)rvk/123769: | ||
| 100 | 1 | |a Canosa, Romano |d 1935-2010 |0 (DE-588)13169569X |0 (DE-627)512725896 |0 (DE-576)164766650 |4 aut | |
| 109 | |a Canosa, Romano 1935-2010 | ||
| 245 | 1 | 3 | |a La polizia in Italia dal 1945 ad oggi |c Romano Canosa |
| 264 | 1 | |a Bologna |b Il Mulino |c 1976 | |
| 300 | |a 416 S. | ||
| 336 | |a Text |b txt |2 rdacontent | ||
| 337 | |a ohne Hilfsmittel zu benutzen |b n |2 rdamedia | ||
| 338 | |a Band |b nc |2 rdacarrier | ||
| 490 | 1 | |a Universale paperbacks Il Mulino |v 48 | |
| 500 | |a Includes bibliographies | ||
| 583 | 1 | |a Archivierung prüfen |c 20200919 |f DE-640 |z 2 |2 pdager | |
| 583 | 1 | |a Archivierung prüfen |c 20240324 |f DE-4165 |z 1 |2 pdager | |
| 653 | 0 | |a Police |a Italy |a History | |
| 830 | 0 | |a Universale paperbacks Il Mulino |v 48 |9 48 |w (DE-627)16644443X |w (DE-576)012401269 |w (DE-600)192535-0 |7 am | |
| 889 | |w (DE-627)021319707 | ||
| 889 | |w (DE-627)333836189 | ||
| 935 | |i mdedup | ||
| 936 | r | v | |a MS 6850 |b Gericht, Richter, Rechtsprechung, Polizei |k Soziologie |k Spezielle Soziologien |k Rechtssoziologie |k Gericht, Richter, Rechtsprechung, Polizei |0 (DE-627)1271441527 |0 (DE-625)rvk/123769: |0 (DE-576)201441527 |
| 951 | |a BO | ||
| ELC | |b 1 | ||
| LOK | |0 000 xxxxxcx a22 zn 4500 | ||
| LOK | |0 001 2166830625 | ||
| LOK | |0 003 DE-627 | ||
| LOK | |0 004 1094634514 | ||
| LOK | |0 005 20020606000000 | ||
| LOK | |0 008 910627||||||||||||||||ger||||||| | ||
| LOK | |0 040 |a DE-21 |c DE-627 |d DE-21 | ||
| LOK | |0 852 |a DE-21 | ||
| LOK | |0 852 1 |c KB 7 A 912 |9 00 | ||
| LOK | |0 935 |a krim | ||
| LOK | |0 936ln |a k4.5.1.4 | ||
| LOK | |0 939 |a 27-06-91 |b l01 | ||
| ORI | |a SA-MARC-krimdoka001.raw | ||
| SIG | |a UB: KB 7 A 912 | ||
